01611nam a2200313 a 450000100100000000500170001000800410002702000120006804000250008008200260010510000460013124500680017725000120024526000600025730000210031749000400033850000210037859000260039965000280042565101030045365101110055670000470066791000370071495201380075195201380088995201240102795201290115199900170128000004871520240530073937.0110329s2016 dr g 001 0 spa d z9789945 aDO-SdBNPbspacBNPHU aRD864.42bS197z, 20161 aSanabia, Rafael Emiliod1888 -197395414910aZarpas y verdugos /cRafael Sanabia ; prólogo Américo Lugo. a2a. ed. aSanto Domingo :bArchivo General de la Nación,c2016. a154 p. ;c20 cm.1 aArchivo General de la Naciónv265 aIncluye índice aInventariado, 2019/VM 0aEnsayos dominicanos965 4aRepública DominicanaxHistoriayOCUPACIÓN NORTEAMERICANA, 1916-1924vRELATOS PERSONALES976174 0aREPÚBLICA DOMINICANAxHISTORIAyOCUPACIÓN NORTEAMERICANA, 1916-1924xENSAYOS, CONFERENCIAS, ETC9714851 aLugo, Américod1870-1952epról.981550 aValidado. Control de calidad MFF 001054708DSaGRbGRcHDd2019-04-10iLF1l0oRD864.42 S197z, 2016p48715-30r2020-06-25te.3w2020-06-25yLFDSZPréstamo en sala 001054708DSaGRbGRcHDd2019-04-25iLF1l0oRD864.42 S197z, 2016p48715-40r2020-06-25te.4w2020-06-25yLFDSZPréstamo en sala 0010718PDaPDbPDcHDd2019-04-10iLF1l0oRD864.42 S197z, 2016p48715-10r2020-06-25w2020-06-25yLFPDZNo se presta 0010718PDaPDbPDcHDd2019-04-10iLF1l0oRD864.42 S197z, 2016p48715-20r2020-06-25te.2w2020-06-25yLFPDZNo se presta c48203d48203